| 000 | 00513nam a22001697a 4500 | ||
|---|---|---|---|
| 003 | BD-DhUL | ||
| 005 | 20170418170526.0 | ||
| 008 | 170418s1972 au ||||| |||| 00| 0 eng | ||
| 040 |
_aBD-DhUL _cBD-DhUL |
||
| 082 |
_a658 _bUNS |
||
| 110 | 2 | _aUnited Nations | |
| 245 | 1 | 0 |
_aA systems approach to the introduction & use of corporate planning in the Developing Countries / _cUnited Nations |
| 260 |
_aVienna : _bUnited Nations, _c1972. |
||
| 300 |
_a 32 p. ; _c23 cm. |
||
| 650 | 0 | _aEconomic | |
| 942 |
_2ddc _cREF |
||
| 999 |
_c185462 _d185462 |
||